|
|
|
|
| LEADER |
00000nam a2200000 a 4500 |
| 001 |
vtls001333682 |
| 003 |
SK-MaSNL |
| 005 |
20260301114430.0 |
| 008 |
240314sm y0 xo r 0 slo |
| 035 |
|
|
|a SNK000286606
|
| 040 |
|
|
|a SNK
|b slo
|c SNK
|e AACR2
|
| 044 |
|
|
|a xo
|c SK
|
| 100 |
1 |
|
|a Čambálová, Daniela
|4 aut
|9 10178
|
| 245 |
1 |
0 |
|a Vydávanie slovenskej literatúry v nakladateľstve Leopolda Mazáča
|b diplomová práca
|
| 260 |
|
|
|a Bratislava
|b Filozofická fakulta Univerzity Komenského, Katedra knihovedy a vedeckých informácií
|c 1983
|
| 300 |
|
|
|a 81 s. Príl.
|
| 999 |
|
|
|c 718357
|d 720287
|
| 952 |
|
|
|t P60, <03>, [BOOK], {603}
|a SNK
|b SNK
|y PREZ
|7 0
|p 17A0097481
|o snkDIP 240
|i snkF 1111/2002
|0 0
|1 0
|4 0
|d 2002-09-24
|l 0
|r 2005-01-02 00:00:00
|w 2026-02-23
|